Hodnotenie kvality inštitucionálneho prostredia
Správa a jej meranie. Kvalita správy. Efektívnosť vládnutia. Transparentnosť rozhodovania vlády. Kvalita regulácie.
Enregistré dans:
| Auteur principal: | |
|---|---|
| Format: | Chapitre de livre |
| Langue: | slovaque |
| Sujets: | |
| Tags: |
Pas de tags, Soyez le premier à ajouter un tag!
|
MARC
| LEADER | 00000naa a2200000 4500 | ||
|---|---|---|---|
| 001 | 0183057 | ||
| 005 | 20220729111318.9 | ||
| 041 | 0 | |a slo | |
| 044 | |a SK | ||
| 245 | 1 | 0 | |a Hodnotenie kvality inštitucionálneho prostredia |c Viktória Bobáková |
| 520 | |a Správa a jej meranie. Kvalita správy. Efektívnosť vládnutia. Transparentnosť rozhodovania vlády. Kvalita regulácie. | ||
| 610 | 2 | 0 | |a riadenie kvality |
| 610 | 2 | 0 | |a výkonnosť |
| 610 | 2 | 0 | |a inštitúcia |
| 610 | 2 | 0 | |a efektívnosť |
| 610 | 2 | 0 | |a regulácia |
| 610 | 2 | 0 | |a vláda |
| 100 | 1 | |a Bobáková, Viktória | |